Capitals of Romanian Counties 1878-1913 - Statistics

General Stats
  • This quiz has been taken 56 times
  • The average score is 19 of 32
Answer Stats
County (județ) Capital (capitală) % Correct
Bacău Bacău
95%
Botoșani Botoșani
93%
Brăila Brăila
93%
Buzău Buzău
93%
Constanța Constanța
91%
Argeș Pitești
88%
Iași Iași
86%
Dolj Craiova
79%
Gorj Târgu Jiu
77%
Prahova Ploiești
74%
Neamț Piatra Neamț
72%
Dâmbovița Târgoviște
72%
Ilfov București
70%
Dorohoi Dorohoi
70%
Roman Roman
67%
Tulcea Tulcea
67%
Vaslui Vaslui
67%
Vâlcea Râmnicu Vâlcea
63%
Olt Slatina
63%
Râmnicu Sărat Râmnicu Sărat
58%
Tecuci Tecuci
53%
Muscel Câmpulung
49%
Mehedinți Turnu Severin
37%
Ialomița Călărași
33%
Suceava Fălticeni
33%
Covurlui Galați
33%
Romanați Caracal
30%
Vlașca Giurgiu
28%
Teleorman Turnu Măgurele
26%
Tutova Bârlad
23%
Fălciu Huși
23%
Putna Focșani
21%
No matching quizzes found
Score Distribution
Percent of People with Each Score
Percentile by Number Answered
Your Score History
You have not taken this quiz